000
00221nam a22000857a 4500
008
160705b xxu||||| |||| 00| 0 eng d
100
_9
2210
_a
Gupta, N.L
245
_a
A Search for Human Values
260
_a
New Delhi
_b
Arya
_c
2005
999
_c
1899
_d
1899